<?xml version="1.0" encoding="UTF-8"?>
<record
    xmlns:xsi="http://www.w3.org/2001/XMLSchema-instance"
    xsi:schemaLocation="http://www.loc.gov/MARC21/slim http://www.loc.gov/standards/marcxml/schema/MARC21slim.xsd"
    xmlns="http://www.loc.gov/MARC21/slim">

  <leader>01073    a2200205   4500</leader>
  <datafield tag="999" ind1=" " ind2=" ">
    <subfield code="c">533162</subfield>
    <subfield code="d">533162</subfield>
  </datafield>
  <controlfield tag="003">Nust</controlfield>
  <controlfield tag="005">20191213113126.0</controlfield>
  <datafield tag="020" ind1=" " ind2=" ">
    <subfield code="a">0070858667</subfield>
  </datafield>
  <datafield tag="038" ind1=" " ind2=" ">
    <subfield code="a">MSOHAIL</subfield>
  </datafield>
  <datafield tag="040" ind1=" " ind2=" ">
    <subfield code="c">Nust</subfield>
  </datafield>
  <datafield tag="082" ind1=" " ind2=" ">
    <subfield code="a">624.17 WAN</subfield>
  </datafield>
  <datafield tag="100" ind1=" " ind2=" ">
    <subfield code="a">Chu Kia Wang Ph.D </subfield>
    <subfield code="9">26915</subfield>
  </datafield>
  <datafield tag="245" ind1=" " ind2=" ">
    <subfield code="a">Statically Indeterminate Structures </subfield>
    <subfield code="c">Chu Kia Wang Ph.D </subfield>
  </datafield>
  <datafield tag="260" ind1=" " ind2=" ">
    <subfield code="a">London</subfield>
    <subfield code="b">McGRAW-HILL </subfield>
    <subfield code="c">1953</subfield>
  </datafield>
  <datafield tag="300" ind1=" " ind2=" ">
    <subfield code="a"> 421,p </subfield>
  </datafield>
  <datafield tag="500" ind1=" " ind2=" ">
    <subfield code="a">General Introduction (Page-1) Deflection of Statistically Determinate Beans (Page-7) Deflection of Statically Determinate Trusses (Page-49) Analysis of Statically Intermediate Beams and  (Page-72) Analysis of Statically Intermediate Trusses (Page-105) The Three-moments Equation (Page-121) The Slope &#x2013;deflection Method (Page-137) The Movement-distribution Method  (Page-216) The Method of Column Analogy (Page-189) Analysis of Fixed Arches (Page-345) Secondary Stresses in Trusses With Rigid Joints (Page-384) Composite Structure (Page-399) </subfield>
  </datafield>
  <datafield tag="538" ind1=" " ind2=" ">
    <subfield code="a">Almirah No.42 and Shelf No.2</subfield>
  </datafield>
  <datafield tag="650" ind1=" " ind2=" ">
    <subfield code="a">Statically Indeterminate Structures </subfield>
    <subfield code="9">26916</subfield>
  </datafield>
  <datafield tag="942" ind1=" " ind2=" ">
    <subfield code="2">ddc</subfield>
    <subfield code="c">BK</subfield>
  </datafield>
  <datafield tag="952" ind1=" " ind2=" ">
    <subfield code="0">0</subfield>
    <subfield code="1">0</subfield>
    <subfield code="2">ddc</subfield>
    <subfield code="4">0</subfield>
    <subfield code="7">0</subfield>
    <subfield code="a">NIT</subfield>
    <subfield code="b">NIT</subfield>
    <subfield code="d">2019-12-13</subfield>
    <subfield code="l">1</subfield>
    <subfield code="o">624.17 WAN</subfield>
    <subfield code="p">NIT-12911</subfield>
    <subfield code="r">2022-06-10</subfield>
    <subfield code="s">2021-09-23</subfield>
    <subfield code="w">2019-12-13</subfield>
    <subfield code="y">BK</subfield>
  </datafield>
</record>
